000 00827nam a2200277Ia 4500
003 OSt
005 20220927110911.0
006 a|||||r|||| 00| 0
007 ta
008 220926b |||||||| |||| 00| 0 eng d
024 _a112457
037 _cReports
040 _aRTL
_cRTL
_beng
041 _2eng
_aeng
082 _a"J381:241.N6t, K9/UN"
100 _aDoyle J. J.
_9380885
110 _a"UN, FAO"
_9357407
245 0 _aResponse of rice to fertilizers
260 _aRome
_bFood and Agriculture Organization
_c1969
300 _a"vi, 69p. Bibliography p.67-69"
_ccm.
500 _a"Food and Agriculture Organization, Agricultural Studies. 70."
650 _aAgriculture
700 _a"UN, FAO"
_9357409
942 _h"J381:241.N6t, K9/UN"
_cCC
999 _c698327
_d698327